Statistieken voor Vlag-vormen van Landen #3

Klik hier om de quiz te nemen!

Algemene statistieken

  • Deze quiz is 387 keer genomen
  • De gemiddelde score is 15 van 16

Antwoordstatistieken

Antwoord% Correct
China
100%
Canada
99%
Israël
99%
Spanje
99%
Verenigd Koninkrijk
98%
Belarus
96%
Sri Lanka
95%
Moldavië
94%
Peru
94%
Papoea-Nieuw-Guinea
91%
Burkina Faso
88%
Niger
88%
Trinidad en Tobago
87%
Bahama's
83%
Guyana
82%
Fiji
76%

Scoreverdeling

Percentiel versus Aantal Correcte Antwoorden

Procent van Mensen met Elke Score

Uw Scoregeschiedenis

U heeft deze quiz nog niet genomen